Психоанализ и культура: Избранные труды

Détails bibliographiques
Auteur principal: Хорни К. Карен
Autres auteurs: Фромм Э. Эрих
Langue:russe
Publié: Москва, Юрист, 1995
Collection:Лики культуры
Sujets:
Format: MixedMaterials Livre
KOHA link:https://koha.lib.tpu.ru/cgi-bin/koha/opac-detail.pl?biblionumber=1261

MARC

LEADER 00000nam0a2200000 4500
001 1261
005 20231101204156.0
010 |a 5735700510 
035 |a (RuTPU)RU\TPU\book\1268 
035 |a BOOK00001270 
090 |a 1261 
100 |a 20011209d1995 k y0rusy50 ca 
101 1 |a rus  |c eng 
102 |a RU 
105 |a y z 000zy 
200 1 |a Психоанализ и культура  |e Избранные труды  |f К. Хорни, Э. Фромм 
210 |a Москва  |c Юрист  |d 1995 
215 |a 623 с. 
225 1 |a Лики культуры 
610 1 |a психология 
610 1 |a психоанализ 
610 1 |a личность 
686 |a Ю932  |v LBC/SL-A  |2 rubbk 
700 1 |a Хорни  |b К.  |c американский психолог немецкого происхождения  |c психопатолог  |c одна из основателей неофрейдизма  |f 1885-1952  |g Карен  |2 stltpui  |3 (RuTPU)RU\TPU\pers\491  |9 234 
701 1 |a Фромм  |b Э.  |c немецко-американский философ  |c психолог  |c социолог  |f 1900-1980  |g Эрих  |2 stltpui  |3 (RuTPU)RU\TPU\pers\515  |9 246 
801 0 |a RU  |b 63413507  |c 20011209  |g PSBO 
801 2 |a RU  |b 63413507  |c 20120126  |g PSBO 
942 |c BK